DRON SAVAŞCILARI MAĞARADAKİ SIR (Record no. 987629)

MARC details
000 -LEADER
sabit uzunluktaki kontrol alanı 00253nam a2200097Ia 4500
001 - KONTROL NUMARASI
kontrol alanı 987629
005 - EN SON İŞLEMİN TARİH VE ZAMANI
kontrol alanı 20250826221123.0
008 - SABİT-UZUNLUKTA VERİ ÖĞELERİ--GENEL BİLGİ
sabit uzunluktaki kontrol alanı 250824s9999 xx 000 0 und d
245 #0 - ESER / YAZAR
ESER ADI DRON SAVAŞCILARI MAĞARADAKİ SIR
Yazar Adı NECATİ AKBABA
260 ## - YAYIN, DAĞITIM, VB.
YAYIN EVİ GENÇ DAMLA
Holdings
Düşüm durumu Kayıp durumu Hasar Durumu Ödünç verilmez Ana kütüphane Geçerli Kütüphane Edinilen tarih Toplam ödünç verme sayısı Barkod Son görüntüleme tarihi Son ödünç verme tarihi Fiyatın geçerli olmaya başladığı tarih Koha materyal türü
        BORSA İSTANBUL ORTAOKULU BORSA İSTANBUL ORTAOKULU 24.08.2025 6 10316436 01.04.2026 26.03.2026 26.08.2025 Books